First report of the prehistoric survey expedition /

محفوظ في:

المؤلف الرئيسي: Sandford, K. S. 1899-1971 (مؤلف)

مؤلفون آخرون: Arkell, William Joscelyn, 1904-1958.

التنسيق: كتاب

اللغة: English

منشور في: Chicago, Ill. : The University of Chicago press, [1928].

سلاسل: Oriental Institute communications ; 3.
OIC ; 3.

الموضوعات:

الوسوم: إضافة وسم

لا توجد وسوم, كن أول من يضع وسما على هذه التسجيلة!

رقم الطلب: DS41 .C53 v.3

LEADER 01178namaa2200337 4500
001 20715
003 OSt
005 20260302104524.0
008 130303s1928 iluab 000 0 eng d
010 |a 28009142 
040 |c ARCE Library 
043 |a f-ua---  |a fl----- 
050 4 |a DS41 .C53 v.3 
100 1 |a Sandford, K. S.  |q (Kenneth Stuart),‏  |d 1899-1971,  |e author  |9 39168 
245 1 0 |a First report of the prehistoric survey expedition /   |c by K. S. Sandford and W. J. Arkell. 
264 1 |a Chicago, Ill. :   |b The University of Chicago press,   |c [1928]. 
300 |a xi, 52 pages :  |b illustrations, map, diagrs. ;  |c 25 cm. 
490 1 |a Oriental Institute communications ;   |v 3. 
490 1 |a OIC ;   |v 3. 
500 |a On cover: The Oriental institute of the University of Chicago. 
650 0 |a Prehistoric peoples  |z Egypt. 
650 0 |a Geology  |z Egypt 
651 0 |a Nile River  |x History. 
651 0 |a Egypt  |x Description and travel. 
700 1 |a Arkell, William Joscelyn,  |d 1904-1958. 
740 0 |a Prehistoric survey expedition. 
830 0 |a Oriental Institute communications ;   |v 3. 
830 0 |a OIC ;   |v 3. 
901 |a reviewed 
942 |c BK  |2 lcc 
999 |c 17171  |d 17171